000 00184nam a22000737a 4500
999 _c23951
_d23951
003 Nust
005 20170302141548.0
008 140428b xxu||||| |||| 00| 0 eng d
020 _cAvailable
_a8129705729
040 _aDLC
_bDLC
_cRCMS
082 _23rd,ed.
_a004.6HAB
100 _aHabraken, Joe
245 _aSAMS Teach Yourself Networking in 24 hours
260 _aIndia
_bPearson Education
_cc2004
300 _axv, 462 p. :
_bill. ;
_c26 cm.
650 _aNetworking
856 _3Table of contents only
_uhttp://www.loc.gov/catdir/toc/ecip0716/2007017469.html
942 _2ddc
_cBK